00465nam a2200145 a 450000100100000000500170001000800410002704000250006808200080009324500310010126000340013230000270016695201090019399900170030200003698020200930080048.0120207s19uu ne a 000 0 spa d aDO-SdBNPbspacBNPHU axxx00aFertilización del arroz. aHolanda :bAlbatros,c[s.f.]. a36 p. :bil. ;c23 cm. 0010507-18MOaGRbGRcOId2012-02-07iLF1l0oxxx p36980-10r2020-06-25w2020-06-25y1ZNo se presta c36470d36470